000 00717nam a2200181 a 4500
008 110909s1998 ||||||||||||||||| || u
020 _a0781715962
050 _aRC 667 Tex
100 _aTopol, Eric J., 1954-
245 1 0 _aTextbook of cardiovascular medicine
_c[edited by] Eric J. Topol
260 _aPhiladelphia, PA
_bLippincott Williams and Wilkins
_c1998
300 _axxvii, 2732p.: ill.
350 _a0.00
650 _aCARDIOLOGY
650 _aCARDIOVASCULAR SYSTEM--DISEASES
650 _aCARDIOVASCULAR DISEASES
995 _aMEDICAL LIBRARY OPEN ACCESS
_D0.00
_e900175
_FCBU-SCHOOL OF MEDICINE LIBRARY (Ndola)
_H1
_I0.00
_jRC 667 TEX
_M1
_UAVAILABLE
_WNov 2, 2011
_y900175
_ZMedical Library Open Access Collection
999 _c32865
_d32865